Chargement en cours...

Indian trade unions : a survey /

Détails bibliographiques
Auteur principal: Karnik, V. B.
Format: Printed Book
Langue:English
Publié: Bombay: Popular Prakashan, 1978.
LEADER 00470 a2200121 4500
008 100208b ||||| |||| 00| 0 eng d
082 |a 331.88 
100 |a Karnik, V. B. 
245 |a Indian trade unions : a survey / 
260 |b Popular Prakashan,  |a Bombay:  |c 1978. 
942 |c BK 
999 |c 312047  |d 312047 
952 |0 0  |1 0  |2 ddc  |4 0  |6 331_880000000000000_KAR_I  |7 0  |9 358143  |a ECN  |b ECN  |c ST1  |d 2010-09-07  |e Minerva Bookstall, Trichur  |g 0.00  |i 2558  |l 0  |o 331.88 KAR/I  |p ECN2558  |r 2010-09-07  |w 2010-09-07  |y BK